[Event "Euwe Intern"]
[Site "Amsterdam"]
[Date "2005.03.31"]
[Round "11"]
[White "Westera, Bert"]
[Black "Witt, Rob"]
[Result "0-1"]
[WhiteElo "1981"]
[BlackElo "2204"]
[Annotator "Westera"]
[PlyCount "120"]
[EventDate "2005.??.??"]

{BELEGEN NIEUWTJE MAAKT GEEN DROOMSTART Euwe 4 werd kampioen, mede omdat N.O.
ditmaal in duplo bij de tegenstander aanzat. Ook aan mijn bord, zodat ik door
Rob Witt werd aangesproken om met beiden een half uur minder intern te spelen.
Gezien Robs ongelukkige nul in onze eerdere onderlinge partij dit seizoen, kon
ik natuurlijk moeilijk weigeren!} 1. e4 e6 2. d4 d5 3. Nc3 Bb4 4. e5 c5 5. a3
Bxc3+ 6. bxc3 Ne7 7. Qg4 O-O $5 ({Een kleine verrassing, want ik wist niet of
de zwartspeler past bij voorkeur het minder gangbare} 7... Ng6 {toe. Achteraf
bevestigde Rob dat dit de eerste maal was dat hij deze stelling in een
serieuze partij op het bord had}) ({Curieus genoeg gold dat ook voor mij! In
twintig jaar bordschaak heb ik al tientallen malen de woeste variant met} 7...
Qc7 8. Qxg7 Rg8 9. Qxh7 cxd4 {te bestrijden gekregen, maar nog niet eerder de
degelijke partijzet. Dit gaf mij de hoop eindelijk eens een oud plan toe te
kunnen passen, dat ik in 1988 had verzonnen om in de interne van US eens tegen
Jurgen Stigter te kunnen gebruiken (maar waar het nooit van gekomen was).}) 8.
Bd3 Nbc6 ({Bij Internet-blitz krijg ik vooral te maken met direct} 8... f5 {
zoals recent:} 9. exf6 Rxf6 10. Qh5 h6 11. g4 c4 12. g5 Rf7 13. gxh6 cxd3 14.
h7+ Kh8 15. Qxf7 dxc2 16. Nf3 Nbc6 17. Bg5 e5 18. Bf6 gxf6 19. Qxf6+ Kxh7 20.
Ng5+ Kg8 21. Qf7+ Kh8 22. Qh7# {1-0 TrapArecev-Kaufman, 2005}) ({Mijn plan
onts proot overigens uit een partij uit het Hoogovenstoernooi van dat jaar,
waarin direct volgde} 8... c4 9. Bh6 Ng6 10. Bxg6 fxg6 11. Be3 {Van der
Wiel-Huebner, 1988 (1-0, 26).}) 9. Ne2 $5 ({Deze zet, met het stuk dat de
hoofdrolspeler zal blijken te zijn van deze partij, was mijn verzinsel.
Inmiddels is het idee helaas niet meer geheel nieuw. Robs grootste zorg bleek
achteraf uit te gaan naar de methode die onlangs door Peter Doggers met succes
was toegepast en door hem in EOL getoond:} 9. Qh5 Ng6 10. Nf3 Qc7 ({vooral niet
} 10... c4 $2 11. Ng5 h6 12. Nxf7 $18) 11. Be3 c4 12. Bxg6 fxg6 13. Qg4 Bd7 14.
h4 Rf5 15. Ng1 $5 {Doggers-Wintzer, 2004 (1-0, 31). Overigens kon Rob niet
nalaten, toen ik hem zijn drankje bracht, te vragen of de partijzet een
bestaande voorzetting was. "Nee, een krankzinnig idee van mezelf, maar geen
fout," zo kon ik hem laten weten.}) 9... c4 ({De meest principiële zet, maar
het alternatief} 9... f5 {is evengoed kritiek voor de beoordeling van wits
paardzet. Inmiddels heb ik deze stelling ook op het bord gekregen in een
correspondentiepartij, die vervolgde} 10. exf6 Rxf6 11. Qh5 h6 12. g4 $5 {
met moeilijke verwikkelingen (Westera-Eshuis, 2004). Deze partij uit groep
EM903 van de NBC loopt nog en zal bij gelegenheid wel in EOL getoond worden.})
10. Bh6 $146 ({Pas dit is een nieuwtje. Er is intussen al eens een partij
gespeeld met het incorrecte vervolg} 10. Bg5 $2 Kh8 $1 $19 {Diaz
Lombardo-Gongora Montes, 2001 (0-1, 39)}) 10... Ng6 ({Zo komt een bekend
stellingstype op het bord in de trant van Doggers-Wintzer, waarbij naar mijn
idee het paard op e2 niet slecht staat. Van mijn bevindingen in 1988 kan ik me
niets meer herinneren (dat heb je als je het nooit op het bord krijgt), maar
vanwege eerdergenoemde correspondentiepartij had ik er in oktober nog eens
naar gekeken met Fritz, om te zien of het wel echt speelbaar was. In de
analyse achteraf kon ik overigens tot mijn schaamte geen enkele kritieke zet
laten zien (behalve uit de variant in mijn partij tegen Eshuis), dus daarom
maar bij deze. Op} 10... g6 {had ik mij voorgenomen} 11. Qf3 $5 {te spelen} ({
en niet de zet waar Rob beducht voor was:} 11. Nf4 $2 cxd3 12. Nh5 {die
onvoldoende compensatie voor het stuk oplevert vanwege} f5 $1 {wat ik mij,
zoals gezegd, niet herinnerde en ik - nog erger - ook in de analyse niet kon
vinden...}) 11... cxd3 12. cxd3 {en ik wist Rob nog wel te vertellen dat zwart
niet goed tijd kan nemen voor} Re8 {maar opnieuw kon ik mij achteraf totaal
niet herinneren waarom dan niet, en evenmin kon ik het vinden, maar het is
vanwege:} ({dus beter} 12... Nf5 13. Bxf8 Qxf8 $13) 13. g4 $1 {en nu is Df3-f6
een serieuze dreiging. Hoe simpel eigenlijk: ik moet wel ver heen zijn geweest
van uitputting.}) 11. Bxg6 fxg6 12. Be3 Qe8 $1 {Een belangrijk verschil met
het systeem uit de partij van Peter Doggers. Omdat wits koningspaard niet naar
f3 is gegaan beschikt zwart nu over deze mogelijkheid, al krijgt hij er
overigens niet geheel gelijkspel mee.} 13. h4 Qf7 14. Ng3 h5 ({Een drastische
stoppoging, om tegen een niet al te hoge prijs de witte aanvalkansen weg te
nemen. Het alternatief} 14... Ne7 15. h5 gxh5 16. Rxh5 $40 {geeft wit
natuurlijk juist waarop hij hoopt in dit systeem...}) 15. Qg5 $14 ({Ik had nog
wel enige verwachtingen van de stelling zonder dames die op het bord komt,
maar dat blijkt tegen te vallen. Daarom misschien beter een zetals} 15. Qe2 $5)
15... Bd7 16. Ne2 Qf5 17. Kd2 Rf7 $6 ({Er was weinig tegen direct} 17... Qxg5
18. hxg5 Kf7) 18. Rag1 Qxg5 19. hxg5 Ne7 20. g4 hxg4 21. Rxg4 Rff8 $1 22. Nf4
Kf7 23. Rgh4 Rg8 $6 ({Die leek me tijdens de partij nodeloos profylactisch.
Zwarts kansen liggen op de damevleugel, dus waarom niet} 23... Rfb8 $5 {
en naar voren met de a- en b-pionnen! Geen van beide partijen lijkt meer veel
te mogen verwachten van winstpogingen.}) 24. Rh7 b5 25. Ke2 {Bereidt het
omspelen van de lichte stukken voor. Ik durfde het niet aan de koning daartoe
naar de damevleugel te brengen.} Raf8 $6 ({Alweer een e torenzet. Wit krijgt
nu zowaar mogelijkheden tegen de wat in benauwdheid geraakte zwarte koning. Er
zou niet veel bijzonders te ondernemen zijn geweest na het voor de hand
liggende} 25... Nf5 {Wit heeft eigenlijk niet veel meer dan de beruchte "draw
from above". Wat mij betreft is de grote remisemarge de makke van de zwarte
opstelling met de korte rochade. Kennelijk geldt dat ook voor del zwartspelers,
die in grote meerderheid iets anders spelen!}) 26. R1h6 {Bindt het zwarte
damepaard voorlopig aan de dekking van g6.} Rb8 27. Bd2 Be8 {Zwart beoogt de
dekkingstaak door de loper te laten overnemen, zodat de koning weg kan en de
witte toren van de zesde rij wordt gedwongen. Maar zover blijkt het niet te
komen...} 28. Nh5 $5 {De samenklontering van stukken in de sector E-H/5-8
geeft een fraai plaatje!} Kf8 $1 ({Rob had al niet veel tijd meer tot de
tijdcontrole en inituïtief vermijdt hij het verleidelijke} 28... Nf5 $2 29. Nf6
$1 Nxh6 $2 (29... Rf8 $8 30. Ng4 $16) 30. gxh6 {en wit staat kalmpjes gewonnen:
} Bc6 (30... Kf8 31. Nxg8 Kxg8 32. Rxg7+ Kf8 33. Bg5 Bf7 34. Bf6 {is ook
vreselijk}) ({relatief nog het beste lijkt} 30... Rb7 31. Rxg7+ Rxg7 32. hxg7
Kxg7 33. Nxe8+ {al moet dit technisch onhoudbaar zijn voor zwart}) 31. Bg5 Rb7
32. hxg7 a5 33. Ng4 $1 {en zwart is weerloos. Van al dit fraais had ik
overigens weinig gezien, en achteraf vroeg ik me af of mijn actie eigenlijk
wel ergens op sloeg. Tijdens de partij had ik dat gelukkig beter beoordeeld}) (
{De directe rechtvaardiging is natuurlijk} 28... gxh5 29. Rf6#) 29. Nf6 $1 {
Het paard baant zich fraai een weg door de zwarte stelling, die nog maar kort
tevoren volstrekt ontoegankelijk hadgeleken!} gxh6 $6 ({Niet de beste
voorzetting. Sterker was} 29... gxf6 30. gxf6 Nf5 31. Bg5 $1 Bf7 $1 ({
bedenkelijk is} 31... a5 $2 32. Ra7 b4 33. axb4 axb4 34. Kd2 $1 b3 35. Kc1 {
al is onzeker of wit kan winnen na} b2+ $8 36. Kb1 Nxh6 37. Bxh6+ Rg7 38. f4
Bf7 39. Bxg7+ Kg8) 32. Rxf7+ Kxf7 33. Rh7+ $1 Ng7 34. Bh6 {en het ziet er naar
uit dat het remise moet worden, bijvoorbeeld} g5 35. Bxg7 Kg6 36. Rh6+ Kf5 37.
f7 Rxg7 38. Rf6+ Kg4 39. f8=Q Rxf8 40. Rxf8 $11) 30. Rxe7 $6 ({Met de rollen
omgedraaid maakte ik hier dezelfde fout als Rob in onze vorige partij: in de
tijdnood van de tegenstander speelde ik hier snel de die-is-altijd-goed zet,
in plaats van nog eens naar de stelling te kijken. De spectaculaire wittte
actie heeft het remise-karakter van de stelling helaas niet aangetast, en wit
zou geen serieuze winstkansen hebben na het objectief betere} 30. Nxg8 $1 Nxg8
({de zwarte stelling oogt onfris na} 30... Kxg8 31. Rxe7 h5 32. Rxe6 $16) 31.
gxh6 Bf7 ({of} 31... g5 $5 32. Bxg5 Bf7 33. Bf6 a5 34. Kd2 Bh5 35. Rh8 Kf7 36.
h7 Bg6 $11) 32. Bg5 Nxh6 33. Bxh6+ Ke7 {Maar wit ka n het hier tenminste nog
proberen, terwijl dat na de op zich degelijke partijzet niet meer het geval is.
Afscheid nemen van het paard viel me mogelijk te zwaar...}) 30... Kxe7 31.
Nxg8+ Kf8 32. Nxh6 Bf7 33. Kd1 {Het is eenvoudig te zien dat zwarts enige hoop
om binnen te vallen een doorbraak op de damevleugel is.} Ke7 34. Kc1 Rf8 35.
Kb2 Be8 36. f4 Bc6 37. Ng4 Rh8 38. Nh6 Kd7 39. Be1 Rf8 40. Bd2 Kc7 41. Ng4 Kb6
42. Nh6 Ka5 43. Ng4 Ka4 44. Nh6 Bb7 45. Ng4 Rc8 46. Be1 Rc7 47. Nf6 a5 48. Ng4
Ba6 49. Nf6 b4 $5 {Gooit de knuppel op zijn beurt in het hoenderhok, een
aardige echo van de witte koningsvleugelactie. Rob werd hiertoe denk ik mede
verleid door het feit dat ik dom genoeg mijn voorsprong op de klok vrijwel
geheel had latenverdampen.} 50. cxb4 axb4 51. Bxb4 $1 {Zo helpt de loper een
tegendoorbraak met f4-f5 ondersteunen.} c3+ {Anders was et eerste pionoffer
zinloos, maar de rechtvaardiging van deze poging vloeit toch voornamelijk
voort uit het feit dat beide spelers bijna geen tijd meer hadden - naast de
algemene overweging dat men natuurlijk geen interne competitie speelt om
correcte remises te schuiven.} 52. Bxc3 Be2 53. Ng8 $4 ({Voor mij achteraf
onbegrijpelijk. Ik had twintig zetten de tijd gehad me op de zwarte actie voor
te bereiden, maar slaag er toch nog in van mijn voornemens af te wijken en
begin het vanaf hier volledig te verknoeien. Hoe jammerlijk dat het
uitgerekend het koningspaard is, dat zo fraai via e2 en h5 en f6 door de
stelling danste, dat de narigheid veroorzaakt! Aangewezen, en ook allang
gepland, was} 53. Bb4 Bd1 54. Bc5 Kb5 ({of} 54... Rb7+ 55. Kc1 Bf3 56. f5 $1
$16) 55. f5 $1 $16 {zoals ik Rob na afloop aangaf (ongeveer het enige wat ik
hem kon laten zien). Zwart moet nog maar aantonen of zijn inbraakpoging niet
te veel van zijn stelling heeft gevergd (ik denk dat hij nog wel ergens remise
kan maken, maar heb geen zin meer me in dit vlijmscherpe eindspel te verdiepen)
. Waar was toch mijn kwartier voorsprong in bedenktijd gebleven?}) 53... Rc8 $2
({Opmerkelijk genoeg is zwarts stelling ook nog kritiek na} 53... Bd1 54. Nf6
$1 Rc8 (54... Be2 55. Bb4 $16) 55. f5 $16 {al was dat objectief gezien
waarschijnlijk toch beter dan de partijvoorzetting.}) 54. Nh6 $4 ({Ach & wee,
ik begon hier werkelijk in paniek te raken en/of blind te worden. Wit heeft
nog alle kansen na} 54. Ne7 Rb8+ 55. Bb4 Bh5 56. c4 dxc4 57. d5 exd5 58. Nxd5
Kb5 {al is het geloof ik op het nippertje nog remise te houden voor zwart,
bijvoorbeeld:} 59. e6 Bf3 60. Ne3 Bc6 61. Kc3 Re8 62. f5 $1 gxf5 63. Nxf5 Rg8
64. e7 Ka4 65. Nd4 Bd7 66. Nf3 Be8 67. Kxc4 Bh5 68. Nd2 Rxg5 69. Ne4 Rg4 70.
Kd5 Rxe4 $1 {en de verkeerde randpion garandeert zwart een zwaar bevochten
halfje...}) 54... Bd1 55. Nf7 Rf8 56. Nd6 Rxf4 57. Nb7 Rf2 58. Nc5+ Kb5 59.
Nxe6 $4 ({Toe maar! A ls verlamd had ik inmiddels zoveel tijd verprutst dat
duidelijk was dat ik hoe dan ook als eerste door de vlag zou gaan, wellicht
dat ik er daarom op deze manier maar een einde aan maakte. Wit zou nog
spartelen na} 59. Bb4 Kc4 60. Nxe6 Bxc2 61. Be1 Rg2 62. Nf4 Rg4 63. Bd2 Ba4 64.
Nxg6 Rxd4 $17) 59... Rxc2+ 60. Kb3 {Vooruit dan.} Rg2# {Hier dacht ik opeens
dat het toch nog geen mat was en ik speelde Ld2 om het aftrekschaak te
onderbreken, zover heen was ik inmiddels. Ondanks de bedenkelijke slotfase
toch wel een onderhoudende partij, en voor Rob natuurlijk de juiste revanche!}
0-1

[Event "Euwe Intern"]
[Site "Amsterdam"]
[Date "2005.04.21"]
[Round "2.13"]
[White "Witt, Rob"]
[Black "Janse, Paul"]
[Result "1-0"]
[WhiteElo "2237"]
[BlackElo "2127"]
[Annotator "Witt,Rob"]
[PlyCount "121"]
[EventDate "2005.??.??"]

1. c4 {Vandaag geen Chigorin!} Nf6 {In de laatste knsb-ronde speelde Paul
dacht ik iets met c5 en b6. Dat speltype ligt me wel.} 2. Nf3 e6 3. Nc3 Bb4 4.
Qc2 O-O 5. a3 Bxc3 6. Qxc3 d5 {Ik heb de laatste jaren een aantal keren dit
Anti-Nimzoindisch met succes gespeeld. Bijv. vorig jaar Bussum een mooie
overwinning op het jonge talent Wouter Spoelman. Iedereen speelt opstellingen
met de pionnen op d6 en e5 en evt. c5. Alleen Ziad Becic speelde tegen mij
onlangs d7-d5 maar al op de 4e zet. Ik reageerde toen met 5.e3 en na een
daarop volgend a3 trok Becic tot mijn verbazing en geheel tegen zijn gewoonte
in de loper terug naar e7. Mijn conclusie was dat ik meteen 5.a3 had moeten
doen, zodat ik eventueel mij zwarte loper buiten de keten kan brengen. Helaas
heb ik het toen niet verder bestudeerd. Het is zeker voor het bord niet
makkelijk te bedenken hoe wit zich het beste kan opstellen.} 7. d4 {11' Nu
onts taat een stelling uit het Nimzindisch met Dc2. De alternatieven waren} (7.
e3) (7. b4) 7... Ne4 8. Qc2 b6 9. e3 Bb7 10. cxd5 {Dit wordt nooit gespeeld.
Ik streefde naar een stelling met hangende pionnen van zwart op c5 en e5. Met
mijn loperpaar kon dat m.i. niet slecht zijn.} ({Gebruikelijk blijkt hier om
de spanning te handhaven met} 10. Bd3 c5 11. O-O Nd7 12. b4 ({of} 12. b3))
10... exd5 11. Be2 (11. Bd3) 11... c5 12. b3 ({Interessant leek me ook} 12.
dxc5 bxc5 13. b4 {maar ik wilde eerst mijn ontwikkeling voltooien.}) 12... Nd7
13. Bb2 Rc8 14. dxc5 bxc5 {Beide partijen hebben ca. een half uur verbruikt.}
15. O-O Qe7 16. Rfd1 {Hierover had ik bijna 20' nagedacht. Het is moeilijk om
de stelling goed te doorgronden. Kan zwart snel tot aanval komen door een
toren naar h6 om te spelen? Moet ik Pd2 spelen om het paard te ruilen? Kan ik
in het voordeel komen door een loper voor een paard te ruilen? Welke loper
dan? Ik moet ook oppassen dat zwart niet plotseling op f2 kan offeren. Ach ja,
allemaal vragen waar je tijdens de partij toch geen pasklaar antwoord op vindt.
Op een gegeven moment moet je gewoon een zet doen.} Rfd8 {Over: Wit 43'; Zwart
50'} 17. Rac1 {Tot mijn verbazing blijkt deze stelling met de loper op d3 i.p.
v. e2,voorgekome n te zijn in een oude partij Gertjan de Boer-Happel. Happel
vervolgde nu met c5-c4 in een poging zijn loper te activeren, maar het openen
van de stelling bleek goed voor wit. Paul probeert na een kwartiertje nadenken
ook de stelling te openen met een andere pionzet.} d4 $6 {Achteraf was Paul
van mening dat dit toch te vroeg was. Alternatieven zijn} (17... Nb6) (17...
Qe6) 18. exd4 cxd4 19. Bc4 Ng5 $6 {Paul speelde dit snel, kennelijk gepland.
Toch is er een betere zet} (19... Ne5 20. Nxe5 Qxe5 21. f3 Ng5 (21... Nc3 22.
Re1 Qa5 (22... Qg5 23. Qf2 $14) 23. Bxc3 dxc3 24. Qxc3 Qxa3 25. Ra1 Qc5+ 26.
Qe3 $14) 22. Qf2 Ne6 23. Rb1 {Met de bedoeling op e6 te slaan en pion d4 te
winnen.}) 20. Nxg5 {32' Ik had ze en mijn volgende zet gepland, maar ik keek
toch een minuut of 5 naar} (20. Nxd4 {Ik verdronk echter in de complicaties na}
Ne5 $5 {en ik zou niet weten wat nu wit's beste zet is. Fritz vindt het
allemaal beter voor wit, maar het zou me niet verbazen als zwart wat heeft. Ik
besloot hier niet verder tijd aan te verknoeien, temeer daar mijn zet in ieder
geval voordeel geeft.} ({Minder gevaarlijk leek me} 20... Nh3+ 21. Kf1 Qg5 22.
f3 Nf4 23. Nf5)) 20... Qxg5 21. f4 {Misschien heeft Paul deze zet overzien in
de vooruitberekening.} Qxf4 22. Rxd4 {29'} Qg5 {26'} ({Een moeizaam eindspel
voor zwart ontstaat na} 22... Qe3+ 23. Qf2 Qxf2+ 24. Kxf2 Nb6 25. Be2 $14) 23.
Rcd1 {23'} ({Een ander en achteraf misschien beter idee is} 23. Rf1 Nf6 (23...
Ne5 $2 24. Rxd8+ Rxd8 25. Bxe5 Qxe5 26. Qf2 $1 $16 {Deze sterke zet heb ik
gemist.}) 24. Rdf4 $14) 23... Nb6 {24'} 24. Rxd8+ Rxd8 25. Bxf7+ $2 {18' Leuk
bedacht, maar het blijkt niks op te leveren.} (25. Rxd8+ Qxd8 26. Bd3 h6 27.
Qe2 {en wit heeft winstkansen door een opmars op de damevleugel te combineren
met dreigingen tegen de zwarte koning.}) 25... Kxf7 {17'} 26. Qc7+ Rd7 $2 {12'}
(26... Qe7 $3 27. Qxd8 Qe3+ 28. Kh1 Bxg2+ 29. Kxg2 Qe2+ {en wit ontkomt niet
aan eeuwig schaak.}) ({Paul had wel 5' nagedacht, maar misschien alleen nog
gekeken naar} 26... Ke8 {maar dat verliest meteen na} 27. Re1+ Kf8 28. Rf1+)
27. Rxd7+ Nxd7 28. Qxd7+ Qe7 29. Qxe7+ Kxe7 30. Bxg7 {Het zou me niet verbazen
als dit eindspel remise is. Toch was ik optimistisch. In de tijdnoodfase en
daarna de uitvluggerfase heeft zwart het veel moeilijker dan wit.} Ke6 31. Kf2
Kf5 32. Bd4 a6 33. b4 Ke4 34. Bc5 Bc6 35. Bd6 Bb5 36. g4 Bd7 {Nirav dacht dat
zwart hier makkelijk remise kon maken door met zijn koning naar pion a3 te
lopen. Dat leek me niet tijdens de partij. Wit verliest wel pion a3, maar
houdt zijn b-pion met de loper op a5. Ondertussen heeft de witte koning vrij
spel op de koningsvleugel. Als ik me niet vergis klopt dit oordeel ook. Bijv.}
(36... Kd3 37. Bc7 {anders komt misschien a5.} Kc4 38. h4 Kb3 39. Ke3 Kxa3 40.
Ba5 Kb3 41. h5 Bc4 (41... Be8 42. Kf4 Kc4 43. Ke5 $18) 42. g5 Bf7 43. g6 hxg6
44. h6 Bg8 45. Kf4 {en wint.}) 37. Kg3 Bb5 38. Kh4 Kd5 39. Bc7 Ke6 40. Kg5 Be2
41. h4 Bd1 42. Bd8 Bc2 43. Kh6 Kf7 44. a4 {12' Na de partij dachten we dat dit
misschien fout was in verband met de remisewending op zet 51, maar
waarschijnlijk is dat niet het geval.} Bd3 {10'} (44... Ke6 45. b5 Kd7 46. Bf6
Kc7 47. Be5+ Kb6 48. Bd4+ Kb7 49. g5) 45. Bc7 $2 (45. b5 $1 {wint makkelijk.
Bijv.} axb5 (45... Kg8 46. b6 Be4 47. h5 Bc6 48. g5 Be4 49. g6 hxg6 50. hxg6
Bc6 51. Bf6 $18 {en de witte koning loopt naar de damevleugel.}) 46. axb5 Bxb5
(46... Kg8 {is ook kansloos.}) 47. Kxh7 {Ik dacht tijdens de partij dat deze
stelling misschien remise was, maar dat is onzin. Bijv.} Bd3+ 48. Kh6 Be2 49.
g5 Bd3 50. h5 {enzovoort.}) 45... Kg8 46. Be5 Kf7 47. Bc3 $2 {10'} (47. b5 $1
$18) 47... Kg8 {9'} 48. Kg5 $2 {Tijdens zo'n uitvluggersessie kun je niet op
je gemak 10' nadenken om een winstplan te bedenken. Het moet voornamelijk op
gevoel en wat oppervlakkig rekenwerk. Dan komen de fouten onherroepelijk als
je niet echt in vorm ben. Ik dacht dat ik kon winnen door snel met mijn koning
naar de damevleugel te lopen, maar ik had gewoon moeten doorgaan met mijn
opmars op de koningsvleugel. Bijv.} (48. h5 $1 Be2 (48... Bc2 49. b5) 49. g5
Bd3 50. g6 hxg6 51. hxg6 Be2 52. Kg5 Bd3 53. Kf6 Be2 54. b5 {andere zetten
winnen ook.} axb5 55. a5 b4 (55... Bg4 56. a6 Bc8 57. a7 Bb7 58. Ke6 $18) 56.
Bxb4 Bd3 57. g7 Bc4 58. Bc3 $18) 48... Kf7 49. Kf4 Ke6 50. Ke3 Bc2 51. b5 axb5
$2 {8'} ({We dachten na de partij dat zwart hier remise kon maken met} 51...
Bxa4 52. bxa6 {De zwarte koning loopt naar de a-pion en de zwarte loper
verdedigt de koningsvleugel. Als zwart dan daar zijn loper offert voor de
vrijpion heeft wit de verkeerde loper met de a-pion en is het remise. Zwart
blijkt echter de gewenste opstelling niet te kunnen bereiken omdat hij veld e4
niet heeft voor zijn loper. Bijv.} Kd7 53. a7 Bc6 54. g5 Kc7 ({Naar de
koningsvleugel heeft ook geen zin} 54... Ke6 55. h5 Kf7 56. Kf4 Bb7 57. Ke5 Ke7
58. g6 hxg6 59. hxg6 Kf8 60. Kd6) 55. h5 Kb7 56. g6 {en wint.}) ({Het idee is
echter wel goed. zwart moet een tempo winnen met zijn koning, dus} 51... Kd6 $1
{of Kd7)} 52. bxa6 Kc7 {Nu heeft zwart de gewenste opstelling en wit kan niet
verder komen. De extra witte a-pion doet niet ter zake.}) (51... Kd5 52. b6 Kc6
53. a5) 52. axb5 {Nu is het gewonnen} Kd5 53. b6 Kc6 54. Bd4 Kd7 55. Be5 Kc6
56. Bd4 Kd7 57. Kf4 Bd3 58. Ke5 Be2 59. g5 Bf3 60. Kf6 Be4 61. h5 1-0